[Event "Rottach Egern Seniors Cup 10th"]
[Site "Rottach Egern"]
[Date "2022.03.31"]
[Round "6"]
[White "Wiest, Leonhard"]
[Black "Zilch, Lothar"]
[Result "1-0"]
[WhiteElo "1999"]
[BlackElo "1887"]
[PlyCount "87"]
[EventDate "2022.03.26"]
[EventType "swiss"]
[EventRounds "9"]
[EventCountry "GER"]
[SourceTitle "CBM 207 Extra"]
[Source "ChessBase"]
[SourceDate "2022.05.31"]
[SourceVersion "1"]
[SourceVersionDate "2022.05.31"]
[SourceQuality "1"]

1. f4 e5 2. fxe5 d6 3. exd6 Bxd6 4. Nf3 g5 5. g3 g4 6. Nh4 Ne7 7. d4 Ng6 8. Nxg6 hxg6 9. Qd3 Nc6 10. c3 Bf5 11. e4 Qe7 12. Bg2 0-0-0 13. Nd2 Rde8 14. Kd1 Bd7 15. Nc4 f6 16. Bf4 Rh5 17. Bxd6 cxd6 18. Ne3 Reh8 19. Kd2 Rxh2 20. Rhg1 Qg7 21. Raf1 Ne7 22. Rf2 f5 23. Rgf1 Be6 24. Qb5 Bd7 25. Qb4 Rxg2 26. Rxg2 Qh6 27. Qxd6 Re8 28. e5 Bc6 29. Rgf2 Nd5 30. Re1 Rd8 31. Qc5 Nb6 32. Kc2 Kb8 33. b3 Be4+ 34. Kb2 f4 35. Nxg4 Qh3 36. Rxf4 Rc8 37. Qd6+ Ka8 38. Rfxe4 Qxg3 39. R4e3 Qg2+ 40. R1e2 Qxg4 41. e6 Qf5 42. e7 Qb5 43. Qd8 Nc4+ 44. Ka1 1-0

[Event "Regionalliga SW 1314"]
[Site "Bayern"]
[Date "2014.03.16"]
[Round "8.5"]
[White "Wiest, Leonhard"]
[Black "Kalinin, Oleksandr"]
[Result "1/2-1/2"]
[WhiteElo "1953"]
[BlackElo "2053"]
[PlyCount "30"]
[EventDate "2013.10.13"]
[EventType "team-tourn"]
[EventRounds "9"]
[EventCountry "GER"]
[SourceTitle "EXT 2015"]
[Source "ChessBase"]
[SourceDate "2014.11.20"]
[SourceVersion "1"]
[SourceVersionDate "2014.11.20"]
[SourceQuality "1"]
[WhiteTeam "Dachau"]
[BlackTeam "Muenchen 36"]
[WhiteTeamCountry "GER"]
[BlackTeamCountry "GER"]

1. f4 d5 2. b3 Nf6 3. Nf3 g6 4. Bb2 Bg7 5. e3 0-0 6. Be2 b6 7. 0-0 Bb7 8. Qe1 c5 9. d3 Ng4 10. Bxg7 Kxg7 11. Bd1 d4 12. Nxd4 Nxe3 13. Ne6+ fxe6 14. Qxe3 Qd4 15. Qxd4+ cxd4 1/2-1/2

[Event "Bayern-chI Bank Hofmann 17th"]
[Site "Bad Wiessee"]
[Date "2013.10.26"]
[Round "2"]
[White "Meins, Gerlef"]
[Black "Wiest, Leonhard"]
[Result "1-0"]
[WhiteElo "2448"]
[BlackElo "2105"]
[PlyCount "43"]
[EventDate "2013.10.26"]
[EventType "swiss"]
[EventRounds "9"]
[EventCountry "GER"]
[SourceTitle "EXT 2014"]
[Source "ChessBase"]
[SourceDate "2013.11.20"]
[SourceVersion "1"]
[SourceVersionDate "2013.11.20"]
[SourceQuality "1"]

1. Nf3 e6 2. d4 f5 3. g3 b6 4. Bg2 Bb7 5. c4 Nf6 6. 0-0 Be7 7. d5 exd5 8. Nd4 g6 9. cxd5 Bxd5 10. Bxd5 Nxd5 11. Nxf5 Nf6 12. Nxe7 Qxe7 13. Nc3 Nc6 14. Bg5 Qe6 15. e4 0-0 16. Nd5 Nxe4 17. Bh6 Rxf2 18. Rxf2 Nxf2 19. Kxf2 Qh3 20. Nf6+ Kh8 21. Ng4 d6 22. Qf3 1-0

[Event "Regionalliga SW 0102"]
[Site "Bayern"]
[Date "2002.04.28"]
[Round "9.2"]
[White "Schreiner, Richard"]
[Black "Wiest, Leonhard"]
[Result "0-1"]
[WhiteElo "2150"]
[BlackElo "2080"]
[PlyCount "129"]
[EventDate "2001.10.07"]
[EventType "team"]
[EventRounds "9"]
[EventCountry "GER"]
[SourceTitle "EXT 2003"]
[Source "ChessBase"]
[SourceDate "2002.11.25"]
[SourceVersion "1"]
[SourceVersionDate "2002.11.25"]
[SourceQuality "1"]
[WhiteTeam "Garching"]
[BlackTeam "Lauingen"]
[WhiteTeamCountry "GER"]
[BlackTeamCountry "GER"]

1. e4 e6 2. d4 d5 3. Nd2 Nf6 4. e5 Nfd7 5. Bd3 c5 6. c3 Nc6 7. Ne2 cxd4 8. cxd4 f6 9. exf6 Nxf6 10. Nf3 Bd6 11. Bf4 Bxf4 12. Nxf4 Qd6 13. g3 0-0 14. 0-0 e5 15. dxe5 Nxe5 16. Nxe5 Qxe5 17. Qb3 Kh8 18. Rae1 Qd6 19. Re2 b6 20. f3 Bd7 21. Rfe1 Rae8 22. Rxe8 Rxe8 23. Rxe8+ Bxe8 24. Qc3 Bd7 25. Qd4 Qc5 26. Ne2 a5 27. a3 Kg8 28. Kf2 Kf8 29. Ke3 Ke7 30. b4 axb4 31. axb4 Qxd4+ 32. Kxd4 Kd6 33. h4 g6 34. g4 Be8 35. Nf4 Bf7 36. Bb5 Ng8 37. Nd3 Be6 38. Ne5 Ne7 39. Be8 Ng8 40. Nd3 Ne7 41. Nf4 Bg8 42. Nh3 Nc8 43. h5 Ke7 44. Bc6 Kd6 45. Bb7 Ne7 46. hxg6 Nxg6 47. f4 h6 48. Ba6 Ne7 49. Bb5 Be6 50. f5 Bd7 51. Bxd7 Kxd7 52. b5 Kd6 53. Nf4 Nc8 54. Nxd5 Na7 55. Nc3 Ke7 56. Ke5 Kf7 57. Ne4 Nxb5 58. Nd2 Na7 59. Kd6 Nc8+ 60. Ke5 b5 61. Nb3 b4 62. Nd4 Ne7 63. Nb3 Ng8 64. Nc5 Nf6 65. Kf4 0-1

[Event "Regionalliga SW 0102"]
[Site "Bayern"]
[Date "2002.02.03"]
[Round "5.3"]
[White "Wiest, Leonhard"]
[Black "Bischof, Wolfgang"]
[Result "1/2-1/2"]
[WhiteElo "2080"]
[BlackElo "2015"]
[PlyCount "68"]
[EventDate "2001.10.07"]
[EventType "team"]
[EventRounds "9"]
[EventCountry "GER"]
[SourceTitle "EXT 2003"]
[Source "ChessBase"]
[SourceDate "2002.11.25"]
[SourceVersion "1"]
[SourceVersionDate "2002.11.25"]
[SourceQuality "1"]
[WhiteTeam "Lauingen"]
[BlackTeam "Bobingen"]
[WhiteTeamCountry "GER"]
[BlackTeamCountry "GER"]

1. f4 e5 2. fxe5 d6 3. exd6 Bxd6 4. Nf3 g5 5. g3 g4 6. Nh4 Ne7 7. d4 Ng6 8. Nxg6 hxg6 9. Qd3 Nc6 10. c3 Qe7 11. Bg2 Bd7 12. Qe3 Qxe3 13. Bxe3 0-0-0 14. Bf2 Rh5 15. Nd2 Rdh8 16. Nf1 f5 17. Rg1 g5 18. e3 f4 19. gxf4 gxf4 20. exf4 Re8+ 21. Kd1 Bxf4 22. Bg3 Bh6 23. Nd2 Rf5 24. Rf1 Rxf1+ 25. Nxf1 Bf5 26. Bxc6 bxc6 27. Be5 Bd3 28. Ng3 Rf8 29. Ke1 Be3 30. Rd1 Bc2 31. Ra1 Bd3 32. Rd1 Bc2 33. Ra1 Bd3 34. Rd1 Bc2 1/2-1/2

[Event "Bayern-ch 72nd"]
[Site "Freising"]
[Date "2001.09.08"]
[Round "9"]
[White "Wiest, Leonhard"]
[Black "Fischer, Gerd"]
[Result "1/2-1/2"]
[WhiteElo "2075"]
[BlackElo "2101"]
[PlyCount "71"]
[EventDate "2001.09.01"]
[EventType "swiss"]
[EventRounds "9"]
[EventCountry "GER"]
[SourceTitle "EXT 2015"]
[Source "ChessBase"]
[SourceDate "2014.11.20"]
[SourceVersion "1"]
[SourceVersionDate "2014.11.20"]
[SourceQuality "1"]

1. f4 Nf6 2. Nf3 b6 3. e3 Bb7 4. d4 e6 5. Bd3 c5 6. 0-0 Nc6 7. c4 Be7 8. Nc3 d5 9. b3 Rc8 10. Bb2 cxd4 11. exd4 0-0 12. cxd5 Nxd5 13. Nxd5 Qxd5 14. Kh1 Bf6 15. Qd2 Rfd8 16. Rfd1 g6 17. Qf2 Bg7 18. Rd2 Rc7 19. Rad1 Rcd7 20. Bc4 Qa5 21. a3 b5 22. b4 Qb6 23. Bb3 a5 24. Ng5 Re7 25. Qh4 h6 26. Ne4 a4 27. Ba2 Kh7 28. Nf6+ Bxf6 29. Qxf6 Rg8 30. d5 exd5 31. Bxd5 Qe3 32. Be5 Nxe5 33. Qxe7 Bxd5 34. Rxd5 Ng4 35. Qxe3 Nxe3 36. R1d3 1/2-1/2

[Event "Bayern-ch 72nd"]
[Site "Freising"]
[Date "2001.09.02"]
[Round "2"]
[White "Wiest, Leonhard"]
[Black "Golda, Harald"]
[Result "0-1"]
[WhiteElo "2075"]
[BlackElo "2290"]
[PlyCount "114"]
[EventDate "2001.09.01"]
[EventType "swiss"]
[EventRounds "9"]
[EventCountry "GER"]
[SourceTitle "EXT 2015"]
[Source "ChessBase"]
[SourceDate "2014.11.20"]
[SourceVersion "1"]
[SourceVersionDate "2014.11.20"]
[SourceQuality "1"]

1. f4 d5 2. Nf3 Bf5 3. e3 h6 4. d4 Nf6 5. Bd3 Bxd3 6. Qxd3 e6 7. Qb5+ Nbd7 8. Qxb7 Bd6 9. Qa6 0-0 10. 0-0 Ne4 11. Nbd2 Ndf6 12. Qe2 c6 13. Nxe4 Nxe4 14. Nd2 Nxd2 15. Bxd2 f5 16. Qh5 Rc8 17. b4 Rb8 18. a3 Qc8 19. Qe2 Qb7 20. c4 Qa6 21. Rfc1 Rfc8 22. Kf2 Kf7 23. c5 Qxe2+ 24. Kxe2 Be7 25. Rcb1 a6 26. a4 Rb7 27. b5 axb5 28. axb5 cxb5 29. Ba5 Ra7 30. Bb6 Ra4 31. Rxa4 bxa4 32. Ra1 Ra8 33. Kd3 g5 34. Bc7 Ke8 35. g3 Kd7 36. Bb6 a3 37. Kc3 a2 38. Kb3 gxf4 39. exf4 Kc6 40. Rxa2 Rxa2 41. Kxa2 Bf6 42. h3 h5 43. Ba5 Bxd4 44. Be1 Kxc5 45. Kb3 Bg1 46. Kc3 d4+ 47. Kd3 Kd5 48. Ba5 Bf2 49. Bc7 Bxg3 50. Be5 Bf2 51. Bf6 Be3 52. Be5 Bc1 53. Bc7 Ba3 54. Be5 Bd6 55. Bxd6 Kxd6 56. Kxd4 h4 57. Ke3 Kc5 0-1

[Event "Regionalliga SW 0001"]
[Site "Bayern"]
[Date "2001.01.28"]
[Round "5.5"]
[White "Hosseini, Manouchehr"]
[Black "Wiest, Leonhard"]
[Result "1-0"]
[WhiteElo "1970"]
[BlackElo "2015"]
[PlyCount "73"]
[EventDate "2000.10.15"]
[EventType "team-tourn"]
[EventRounds "9"]
[EventCountry "GER"]
[SourceTitle "EXT 2020"]
[Source "ChessBase"]
[SourceDate "2019.10.17"]
[SourceVersion "1"]
[SourceVersionDate "2019.10.17"]
[SourceQuality "1"]
[WhiteTeam "Muenchen 77 Nord"]
[BlackTeam "Lauingen"]
[WhiteTeamCountry "GER"]
[BlackTeamCountry "GER"]

1. e4 c6 2. d4 d5 3. exd5 cxd5 4. Bb5+ Bd7 5. Nc3 Bxb5 6. Nxb5 Qa5+ 7. Nc3 Nf6 8. Nge2 e6 9. 0-0 Be7 10. Bg5 0-0 11. Qd3 Nc6 12. a3 a6 13. Rfe1 b5 14. Nf4 Qc7 15. Nce2 b4 16. c4 dxc4 17. Qxc4 Qd6 18. Rec1 Na5 19. Qd3 Rfb8 20. Rc2 Rb5 21. Bxf6 Bxf6 22. Rac1 g6 23. a4 Rb7 24. Rc5 Bd8 25. Qf3 Rab8 26. Qd3 Rd7 27. g3 Kg7 28. Qf3 Bb6 29. Rc8 Rxc8 30. Rxc8 Nb7 31. Rc6 Qb8 32. Rxb6 Qa7 33. Rc6 Nd6 34. Qe3 Qb7 35. Rxd6 Rc7 36. Qe5+ Kh6 37. g4 1-0

[Event "Regionalliga SW 0001"]
[Site "Bayern"]
[Date "2001.01.14"]
[Round "4.6"]
[White "Begna, Bozidar"]
[Black "Wiest, Leonhard"]
[Result "0-1"]
[WhiteElo "2055"]
[BlackElo "2015"]
[PlyCount "118"]
[EventDate "2000.10.15"]
[EventType "team-tourn"]
[EventRounds "9"]
[EventCountry "GER"]
[SourceTitle "EXT 2020"]
[Source "ChessBase"]
[SourceDate "2019.10.17"]
[SourceVersion "1"]
[SourceVersionDate "2019.10.17"]
[SourceQuality "1"]
[WhiteTeam "Muenchen Tarrasch"]
[BlackTeam "Lauingen"]
[WhiteTeamCountry "GER"]
[BlackTeamCountry "GER"]

1. e4 e6 2. d4 d5 3. Nd2 Nf6 4. Bd3 c5 5. e5 Nfd7 6. c3 Nc6 7. Ne2 cxd4 8. cxd4 f6 9. Nf4 Nxd4 10. Qh5+ Ke7 11. Ng6+ hxg6 12. exf6+ Nxf6 13. Qxh8 Kf7 14. Qh4 e5 15. Nf3 Nxf3+ 16. gxf3 Bf5 17. Bxf5 gxf5 18. Bg5 Bc5 19. Bxf6 Qxf6 20. Qa4 Rd8 21. Rc1 Bb6 22. 0-0 Qg5+ 23. Kh1 Qh5 24. Qb3 Kf6 25. f4 e4 26. Qg3 d4 27. Kg2 d3 28. Rfd1 d2 29. Qg5+ Qxg5+ 30. fxg5+ Kxg5 31. Rc2 e3 32. fxe3 Bxe3 33. Kf3 f4 34. Rc7 Kf6 35. h4 g6 36. a4 Rd4 37. b3 Rb4 38. Rc3 Ke5 39. Rd3 Rd4 40. Rc3 a5 41. Rc5+ Rd5 42. Rc4 Rd3 43. b4 axb4 44. Ke2 Rb3 45. a5 Kf5 46. Rc7 Kg4 47. Rg7 f3+ 48. Kf1 Rc3 49. Rxg6+ Kxh4 50. Rb6 Rc1 51. Rxb4+ Kg3 52. Rb1 Kf4 53. Ra1 Ke4 54. Rb1 Rxd1+ 55. Rxd1 Kd3 56. Rb1 Kc2 57. Ra1 Bd4 58. Rd1 Kxd1 59. a6 Kc2 0-1

[Event "Regionalliga SW 9900"]
[Site "Bayern"]
[Date "2000.??.??"]
[Round "5.4"]
[White "Wiest, Leonhard"]
[Black "Schlinkmeier, Karsten"]
[Result "0-1"]
[WhiteElo "2025"]
[BlackElo "1904"]
[PlyCount "72"]
[EventDate "1999.??.??"]
[EventType "team-tourn"]
[EventRounds "9"]
[EventCountry "GER"]
[SourceTitle "EXT 2001"]
[Source "ChessBase"]
[SourceDate "2000.11.22"]
[SourceVersion "1"]
[SourceVersionDate "2000.11.22"]
[SourceQuality "1"]
[WhiteTeam "Lauingen"]
[BlackTeam "Garching"]
[WhiteTeamCountry "GER"]
[BlackTeamCountry "GER"]

1. f4 Nf6 2. Nf3 d6 3. Nc3 Nbd7 4. e4 c6 5. d4 g6 6. Bd3 Bg7 7. Qe2 0-0 8. 0-0 a6 9. Kh1 b5 10. Nd1 c5 11. c3 Bb7 12. e5 Ne8 13. e6 fxe6 14. Qxe6+ Kh8 15. Ng5 Ndf6 16. Qh3 Bc8 17. f5 e5 18. fxe6 Kg8 19. Ne3 Nc7 20. d5 c4 21. Be4 Qe7 22. Bf3 Bb7 23. Bd2 Bh8 24. Nf7 Bg7 25. Rad1 Ncxd5 26. Nxd5 Bxd5 27. Bxd5 Nxd5 28. Bh6 Bxh6 29. Nxh6+ Kg7 30. Nf7 Nc7 31. Rxd6 Qxd6 32. Qh6+ Kg8 33. Re1 Qe7 34. Qe3 Qxe6 35. Nh6+ Kg7 36. Qd4+ Qf6 0-1

[Event "Regionalliga SW 9899"]
[Site "Bayern"]
[Date "1999.??.??"]
[Round "9.7"]
[White "Pleyer, Felix"]
[Black "Wiest, Leonhard"]
[Result "1-0"]
[WhiteElo "1955"]
[BlackElo "2040"]
[PlyCount "107"]
[EventDate "1998.??.??"]
[EventType "team-tourn"]
[EventRounds "9"]
[EventCountry "GER"]
[SourceTitle "EXT 2020"]
[Source "ChessBase"]
[SourceDate "2019.10.17"]
[SourceVersion "1"]
[SourceVersionDate "2019.10.17"]
[SourceQuality "1"]
[WhiteTeam "Sonthofen"]
[BlackTeam "Lauingen"]
[WhiteTeamCountry "GER"]
[BlackTeamCountry "GER"]

1. e4 c6 2. d4 d5 3. exd5 cxd5 4. Bd3 Nc6 5. c3 Nf6 6. h3 g6 7. Nf3 Bg7 8. 0-0 0-0 9. Bf4 Bf5 10. a4 Na5 11. Re1 a6 12. b4 Bxd3 13. Qxd3 Nc4 14. Ne5 Rc8 15. Nxc4 Rxc4 16. Nd2 Rc8 17. a5 Qd7 18. Nb3 e6 19. Nc5 Qc6 20. Rab1 Ra8 21. b5 axb5 22. Qxb5 Rfc8 23. Qxc6 Rxc6 24. Rxb7 Bf8 25. Be5 Bxc5 26. Bxf6 Bd6 27. Rd7 Bc7 28. Rb1 Rxc3 29. a6 Kf8 30. a7 Ke8 31. Re7+ Kf8 32. Rd7 Ke8 33. Re7+ Kf8 34. Rxc7 Rxc7 35. Rb8+ Rc8 36. Be5 Ke8 37. Kh2 Kd7 38. Rb7+ Kc6 39. Rxf7 Kb5 40. Rxh7 Rc2 41. Rf7 Kc4 42. Kg3 Ra2 43. Rg7 R8xa7 44. Rxg6 Rf7 45. f3 Rf5 46. h4 Ra6 47. Kg4 Rxe5 48. dxe5 d4 49. f4 Kd5 50. h5 d3 51. Kf3 d2 52. Ke2 Ke4 53. g3 Ra3 54. Kxd2 1-0

[Event "Regionalliga SW 9900"]
[Site "Bayern"]
[Date "1999.??.??"]
[Round "2.5"]
[White "Wiest, Leonhard"]
[Black "Buchner, Rudolf"]
[Result "1/2-1/2"]
[WhiteElo "2025"]
[BlackElo "2090"]
[PlyCount "88"]
[EventDate "1999.??.??"]
[EventType "team-tourn"]
[EventRounds "9"]
[EventCountry "GER"]
[SourceTitle "EXT 2020"]
[Source "ChessBase"]
[SourceDate "2019.10.17"]
[SourceVersion "1"]
[SourceVersionDate "2019.10.17"]
[SourceQuality "1"]
[WhiteTeam "Lauingen"]
[BlackTeam "Muenchen Tarrasch"]
[WhiteTeamCountry "GER"]
[BlackTeamCountry "GER"]

1. f4 Nf6 2. Nf3 g6 3. g3 Bg7 4. Bg2 0-0 5. 0-0 d6 6. Nc3 c6 7. h3 e5 8. fxe5 dxe5 9. e4 Nbd7 10. d3 Qe7 11. g4 h5 12. g5 Nh7 13. Qe1 Nc5 14. Be3 Ne6 15. Qg3 Nd4 16. Rf2 Nxf3+ 17. Rxf3 Be6 18. b3 b6 19. a4 Rad8 20. a5 b5 21. h4 Bg4 22. Rff1 f6 23. Bf3 Bxf3 24. Rxf3 fxg5 25. Rxf8+ Rxf8 26. hxg5 Rf4 27. Bxf4 exf4 28. Qxf4 Bxc3 29. Rd1 Nxg5 30. Kg2 Bxa5 31. e5 c5 32. c4 Bc3 33. cxb5 Bxe5 34. Qc4+ Kg7 35. Re1 Qb7+ 36. Re4 Nxe4 37. dxe4 Qe7 38. Qd5 Kh6 39. Qg8 Qg5+ 40. Kf1 Qf4+ 41. Kg1 Qg3+ 42. Kf1 Qf3+ 43. Kg1 Bd4+ 44. Kh2 Qe2+ 1/2-1/2

[Event "Regionalliga SW 9899"]
[Site "Bayern"]
[Date "1998.??.??"]
[Round "2.7"]
[White "Gerlach, Peter"]
[Black "Wiest, Leonhard"]
[Result "1/2-1/2"]
[WhiteElo "1950"]
[BlackElo "2035"]
[PlyCount "65"]
[EventDate "1998.??.??"]
[EventType "team-tourn"]
[EventRounds "9"]
[EventCountry "GER"]
[SourceTitle "EXT 2020"]
[Source "ChessBase"]
[SourceDate "2019.10.17"]
[SourceVersion "1"]
[SourceVersionDate "2019.10.17"]
[SourceQuality "1"]
[WhiteTeam "Haar"]
[BlackTeam "Lauingen"]
[WhiteTeamCountry "GER"]
[BlackTeamCountry "GER"]

1. d4 Nf6 2. Nf3 e6 3. e3 d5 4. Be2 Bd6 5. 0-0 0-0 6. b3 Nbd7 7. Bb2 Ne4 8. c4 c6 9. Nc3 f5 10. c5 Bc7 11. b4 g5 12. Nxe4 fxe4 13. Nd2 Qf6 14. f3 Qh6 15. g3 exf3 16. Bxf3 e5 17. Qb3 exd4 18. Bxd5+ cxd5 19. Qxd5+ Kg7 20. Rxf8 Nxf8 21. Qxd4+ Kg6 22. Qf6+ Kh5 23. Qf7+ Qg6 24. Qxf8 Bh3 25. Qf3+ Bg4 26. Qf1 Rd8 27. Nb3 Qe6 28. Bd4 Rd7 29. Qg2 Rf7 30. Qc2 Bf5 31. Qe2+ Bg4 32. Qd3 Bf5 33. Qe2+ 1/2-1/2

[Event "Regionalliga SW 9798"]
[Site "Bayern"]
[Date "1998.??.??"]
[Round "?.1"]
[White "Mueller, Christian"]
[Black "Wiest, Leonhard"]
[Result "1-0"]
[WhiteElo "1671"]
[BlackElo "2070"]
[PlyCount "69"]
[EventDate "1997.10.??"]
[EventType "team-tourn"]
[EventRounds "9"]
[EventCountry "GER"]
[SourceTitle "EXT 2020"]
[Source "ChessBase"]
[SourceDate "2019.10.17"]
[SourceVersion "1"]
[SourceVersionDate "2019.10.17"]
[SourceQuality "1"]
[WhiteTeam "Noerdlingen"]
[BlackTeam "Lauingen"]
[WhiteTeamCountry "GER"]
[BlackTeamCountry "GER"]

1. e4 c6 2. d4 d5 3. e5 Bf5 4. Nf3 e6 5. Be2 Nd7 6. 0-0 Ne7 7. Nh4 Bg6 8. Nd2 c5 9. c3 cxd4 10. cxd4 Nf5 11. Nxg6 hxg6 12. Nf3 a6 13. Rb1 Be7 14. g3 Qb6 15. b4 Rc8 16. h4 Qd8 17. b5 a5 18. Bd2 b6 19. Kg2 f6 20. Rc1 fxe5 21. dxe5 Rxc1 22. Qxc1 Nc5 23. Rh1 Kd7 24. Ng5 Bxg5 25. Bxg5 Qf8 26. Bf4 Nd4 27. Bg4 Qe8 28. Be3 Nf5 29. Bxc5 bxc5 30. Qxc5 Qb8 31. Rc1 Qxe5 32. Qa7+ Kd8 33. Qa8+ Ke7 34. Qxh8 Qe4+ 35. Bf3 1-0

[Event "Regionalliga SW 9899"]
[Site "Bayern"]
[Date "1998.??.??"]
[Round "1.7"]
[White "Wiest, Leonhard"]
[Black "Scharl, Walter"]
[Result "1-0"]
[WhiteElo "2040"]
[BlackElo "2005"]
[PlyCount "77"]
[EventDate "1998.??.??"]
[EventType "team-tourn"]
[EventRounds "9"]
[EventCountry "GER"]
[SourceTitle "EXT 2020"]
[Source "ChessBase"]
[SourceDate "2019.10.17"]
[SourceVersion "1"]
[SourceVersionDate "2019.10.17"]
[SourceQuality "1"]
[WhiteTeam "Lauingen"]
[BlackTeam "Muenchen Suedost"]
[WhiteTeamCountry "GER"]
[BlackTeamCountry "GER"]

1. f4 e5 2. fxe5 d6 3. exd6 Bxd6 4. Nf3 Nf6 5. g3 Ng4 6. Bg2 c5 7. d3 Qc7 8. 0-0 Nc6 9. Nc3 a6 10. Nd5 Qd8 11. e4 h5 12. Bg5 f6 13. Bf4 h4 14. h3 g5 15. Bxd6 Qxd6 16. hxg4 h3 17. Qd2 hxg2 18. Kxg2 Bxg4 19. Nxg5 fxg5 20. Nf6+ Kd8 21. Nxg4 Kc7 22. Rf5 Rae8 23. Qf2 Nd4 24. Rf7+ Kb8 25. Qf6 Ne6 26. e5 Qc6+ 27. Qf3 Qb6 28. b3 Rhf8 29. Rf6 Qc7 30. Qd5 Rxf6 31. Nxf6 Re7 32. Qe4 Nd4 33. Nd5 Qa5 34. Nxe7 Qd2+ 35. Kh3 g4+ 36. Qxg4 Qh6+ 37. Qh4 Qe6+ 38. Kg2 Qxe5 39. Qf4 1-0